| 000 | 00750nam a2200193Ii 4500 | ||
|---|---|---|---|
| 003 | JO-AjNU | ||
| 008 | 230605s9999||||xx |||||||||||||| ||und|| | ||
| 040 |
_aJO-AjNU _bara _erda _cJO-AjNU |
||
| 041 | _aara | ||
| 050 | 1 | 4 | _aZ7052.H2 1990 |
| 100 | 3 |
_aالحنفي، مصطفى بن عبد الله القسطنطي, _eauthor _940964 |
|
| 245 | 0 | 0 | _aكشف الظنون عن أسامي الكتب والفنون، المجلد الثالث |
| 264 | 3 | 1 | _aبيروت: دار الفكر ، 1990 |
| 300 | _aمج3، 1-630ص | ||
| 336 |
_atext _btxt _2rdacontent |
||
| 337 |
_aunmediated _bn _2rdamedia |
||
| 338 |
_avolume _bnc _2rdacarrier |
||
| 650 | 4 |
_aالانتاج الفكري العربي- ببلوغرافيات-المؤلفون العرب _940965 |
|
| 999 |
_aA17426 _c20994 _d20994 |
||